Indians of the Plains
Αποθηκεύτηκε σε:
| Κύριος συγγραφέας: | |
|---|---|
| Μορφή: | Βιβλίο |
| Γλώσσα: | English |
| Δημοσίευση: |
Garden City :
Published for the American Museum of Natural History [by] the Natural History Press,
1963.
|
| Θέματα: | |
| Ετικέτες: |
Προσθήκη ετικέτας
Δεν υπάρχουν, Καταχωρήστε ετικέτα πρώτοι!
|
MARC
| LEADER | 00000nam a2200000 a 4500 | ||
|---|---|---|---|
| 001 | 1/127588 | ||
| 008 | 231027s1963####nyu| ||| |||| ||eng|| | ||
| 020 | |a 0385024681 | ||
| 040 | |a GR-MyUa |b gre |c GR-MyUa |e AACR2 | ||
| 041 | 0 | |a eng | |
| 082 | 7 | |a 978.00497 |2 (23) | |
| 100 | 1 | |a Lowie, Robert Harry, |d 1883-1957. | |
| 245 | 1 | 0 | |a Indians of the Plains / |c Robert H. Lowie. |
| 260 | |a Garden City : |b Published for the American Museum of Natural History [by] the Natural History Press, |c 1963. | ||
| 300 | |a xvii, 258 σ. ; |c 18 εκ. | ||
| 650 | 0 | |a Indians of North America |z Great Plains. | |
| 852 | |a INST |b LESVOS |e 20231027 |h 978.00497 LOW |p 005100065737 |q 005100065737 |t BK |y 0 | ||
| 970 | |a Δημάκη |b Μαρία |z 27-10-2023 | ||